000
00346nam a2200157Ia 4500
003
OSt
005
20240210114722.0
008
170524s9999 xx 000 0 und d
020
_a
978-0071333436
040
_c
IIMT UNIVERSITY
100
_a
SINHA AMIT
100
_c
2012
245
0
_a
SUPPLY CHAIN MANAGEMENT
260
_a
TMH
942
_2
ddc
_c
01
999
_c
2794
_d
2794